000 00675nam a2200205 i 4500
001 58584
003 ES-MaACL
005 20230906163836.0
007 t|
008 031023s1967 sp ||||1| spa d
080 _a940"18/19"
100 1 _aDuroselle, Jean-Baptiste.
_946312
245 1 0 _aEuropa de 1815 hasta nuestros días
_b: vida política y relaciones internacionales /
_cJean-Baptiste Duroselle ; [traducción por Ana Sallés].
250 _a[1ª ed.].
260 _aBarcelona :
_bLabor,
_c1967.
300 _aXV, 326 p. ;
_c20 cm.
651 4 _aEuropa-
_xHistoria-
_y1789-1900.
_9138070
700 1 _aSallés, Ana.
_9101980
852 _aES-MaACL
_jC-33099
_bR.63937
999 _c58584
_d58584